000 01060cam a2200301 a 4500
999 _c526975
_d526975
001 15920864
003 NUST
005 20190718063054.0
008 090924s2010 njua b 001 0 eng
010 _a 2009037707
020 _a9788131730225 (hc)
038 _aArshad
040 _aDLC
_cDLC
_dDLC
050 0 0 _aQA76.76.O63
_bH3433 2010
082 0 0 _a005.4/32
_bHAL
100 1 _aHaldar, Sibsankar,
_d1962-
_918002
245 1 0 _aOperating systems /
_cSibsankar Haldar and Alex A. Aravind.
260 _aUpper Saddle River, NJ :
_bPearson,
_c2010.
300 _axxxii, 577 p. :
_bill. ;
_c25 cm.
504 _aIncludes bibliographical references (p. [549]-562) and index.
630 0 0 _aMicrosoft Windows (Computer file)
_918003
630 0 0 _aLinux.
_96656
650 0 _aOperating systems (Computers)
_96657
700 1 _aAravind, Alex A.
_q(Alex Alagarsamy),
_d1965-
_918004
906 _a7
_bcbc
_corignew
_d1
_eecip
_f20
_gy-gencatlg
942 _2ddc
_cBK